[Event "Gibraltar Challengers B 2019"]
[Site "Caleta"]
[Date "2019.01.30"]
[Round "5"]
[White "Orndahl, Markus"]
[Black "Pinho, Paulo"]
[Result "1-0"]
[WhiteElo "2173"]
[BlackElo "2205"]
[Annotator "TA"]
[PlyCount "73"]
[EventDate "2019.01.18"]
[EventType "swiss"]
[EventCountry "GGB"]
[SourceTitle "playchess.com"]
[Source "ChessBase"]
[SourceQuality "1"]

{[%evp 9,73,-9,-9,-6,21,25,31,-25,0,-6,0,0,0,-16,14,8,45,-49,-50,-60,-58,-115,-7,-7,0,-48,-43,-46,-54,-52,-77,-127,-120,-126,-117,-168,-121,-163,-151,-157,-60,-127,-23,-44,0,0,13,0,239,104,274,75,223,223,197,215,465,304,29986,29987,29987,29988,29988,29989,29990,29991]} 1. e4 c5 ({Predecessor:} 1... e6 2. Qe2 c5 3. g3 Nc6 4. Nf3 Be7 5. Bg2 h5 6. h3 d5 {1-0 (29) Asatryan,G (1956)-Dolomatov,N (2262) Ufa 2016}) 2. Nf3 e6 3. d3 d5 4. Qe2 Be7 $146 (4... Nf6 5. g3 Be7 6. Bg2 O-O 7. O-O Nc6 8. e5 Nd7 9. c4 b5 10. Na3 bxc4 11. dxc4 Ba6 12. Rd1 Qa5 13. Bd2 Nb4 14. Qe1 Rfe8 15. cxd5 exd5 16. Bxb4 cxb4 17. Nc2 Rac8 18. e6 Nb6 19. exf7+ Kxf7 20. Bh3 Bd6 21. Be6+ Kf6 22. Ncd4 Rc7 23. Qe3 h6 24. Nh4 {1-0 (24) Amin,B (2700)-Mareco,S (2645) Sharjah 2018}) 5. g3 Nc6 6. Bg2 {C00: French: Unusual White 2nd moves} h5 7. h3 Nf6 ({Predecessor:} 7... d4 8. e5 Bd7 9. Nbd2 Nh6 10. g4 Qa5 11. a3 hxg4 12. hxg4 O-O-O {1-0 (29) Asatryan,G (1956)-Dolomatov,N (2262) Ufa 2016}) 8. e5 (8. O-O $14) 8... Ng8 (8... Nd7 {is interesting.} 9. c4 h4 10. O-O Nf8 11. Bd2 Ng6) 9. O-O Nh6 10. Bxh6 Rxh6 11. c4 b6 12. Nc3 Bb7 13. Rad1 (13. cxd5 $14 exd5 14. h4) 13... d4 $15 14. Ne4 Qc7 15. Ned2 (15. Nfg5 $15) 15... O-O-O (15... g5 $17) 16. h4 $1 $11 Rg8 17. Rde1 g5 18. hxg5 Bxg5 19. Nxg5 Rxg5 20. Ne4 Rxe5 21. f4 Rf5 22. Bh3 (22. Rf2 $17) 22... Ne7 23. Qf2 Rg6 24. Kh2 Qd8 ({Black should try} 24... a5 $17 25. Rg1 Rg8) 25. a3 $15 Kb8 (25... Ng8 $17 {Hoping for ...Nh6.} 26. Bxf5 exf5) 26. b4 $1 $11 {[#]} cxb4 $1 {[%mdl 512]} 27. axb4 Rg4 28. Qe2 {[%mdl 64] Pin} (28. Bxg4 $2 hxg4 29. Kg2 Rh5 $19) 28... Qg8 $2 (28... Rg8 $11) 29. b5 (29. Bxg4 $2 hxg4 30. Rf2 Rh5+ 31. Kg1 f5 $17) (29. Nd6 $1 $18) 29... Rg6 $2 (29... Bxe4 $16 {is a better defense.} 30. dxe4 (30. Bxg4 Bxd3 31. Qxd3 {[%mdl 64] Double Attack} hxg4 $14) 30... Rc5 31. Bxg4 hxg4) 30. Ra1 $2 ({Worse is} 30. Bxf5 Nxf5 31. Rg1 Ne3 $11) (30. Nd6 $1 $18) 30... Bxe4 (30... Qg7 $16 {was necessary.}) 31. Qxe4 $18 (31. dxe4 Rc5 $11) 31... Rxg3 {[#] Strongly threatening ...Re3.} 32. Rg1 $1 $40 {[%cal Rg1g3][%mdl 128] White has strong attack.} ({Inferior is} 32. Bxf5 Nxf5 33. Rg1 Rg4 $11) 32... Rxh3+ (32... Rxg1 $142 33. Rxg1 Qd8) 33. Kxh3 Qd8 $2 {[#]} (33... Qc8 $18 34. Rxa7 (34. Qxd4 Rd5 $14) 34... Kxa7 35. Ra1+ Kb8 36. Ra8+ {[%mdl 64] Skewer} Kc7 37. Rxc8+ Nxc8 38. Qc6+ Kd8) 34. Rxa7 $3 {[%csl Ga7][%cal Re4b7][%mdl 512] White mates.} Nd5 (34... Kxa7 35. Ra1+) 35. cxd5 Kxa7 36. Ra1+ Kb8 37. dxe6 {Accuracy: White = 38%, Black = 11%.} 1-0

[Event "Gibraltar Challengers B 2019"]
[Site "Caleta"]
[Date "2019.01.30"]
[Round "5"]
[White "Orndahl, Mats"]
[Black "Skutta, Bernd"]
[Result "1-0"]
[WhiteElo "2160"]
[BlackElo "1988"]
[Annotator "RC"]
[PlyCount "91"]
[EventDate "2019.01.18"]
[EventType "swiss"]
[EventCountry "GGB"]
[SourceTitle "playchess.com"]
[Source "ChessBase"]
[SourceQuality "1"]
[TimeControl "6600+10"]

1. d4 {[%emt 0:00:00]} d6 {[%emt 0:00:31]} 2. Bf4 {[%emt 0:00:13]} g6 {[%emt 0:00:51]} 3. Nc3 {[%emt 0:00:18]} Bg7 {[%emt 0:00:37]} 4. e4 {[%emt 0:05:19]} Nd7 {[%emt 0:01:25]} 5. Nf3 {[%emt 0:03:04]} c5 {[%emt 0:07:48]} 6. d5 {[%emt 0:00:36]} Ngf6 {[%emt 0:00:19]} 7. Qd2 {[%emt 0:01:11]} h6 {[%emt 0:02:23]} 8. h3 {[%emt 0:02:42]} a6 {[%emt 0:02:18]} 9. a4 {[%emt 0:00:23]} Qa5 {[%emt 0:00:45]} 10. Ra2 {[%emt 0:16:33]} Qb4 {[%emt 0:08:09]} 11. Bd3 {[%emt 0:00:21]} c4 {[%emt 0:29:32]} 12. Be2 {[%emt 0:00:08]} Nc5 {[%emt 0:02:22]} 13. e5 {[%emt 0:12:19]} dxe5 {[%emt 0:04:33]} 14. Nxe5 {[%emt 0:00:56]} Nfd7 {[%emt 0:02:36]} 15. Nxc4 {[%emt 0:01:40]} Nb6 {[%emt 0:14:35]} 16. Nxb6 {[%emt 0:04:54]} Qxb6 {[%emt 0:00:12]} 17. O-O {[%emt 0:01:13]} e5 {[%emt 0:01:34]} 18. Be3 {[%emt 0:09:05]} Qd6 {[%emt 0:03:46]} 19. b4 {[%emt 0:01:45]} Nd7 {[%emt 0:00:28]} 20. Ne4 {[%emt 0:00:52]} Qe7 {[%emt 0:01:30]} 21. f3 {[%emt 0:15:24]} f5 {[%emt 0:02:42]} 22. Nc5 {[%emt 0:00:35]} f4 {[%emt 0:05:11]} 23. Bf2 {[%emt 0:00:54]} Nxc5 {[%emt 0:00:17]} 24. Bxc5 {[%emt 0:04:35]} Qg5 {[%emt 0:00:48]} 25. Kh1 {[%emt 0:00:56]} Qh5 {[%emt 0:06:09]} 26. Bd3 {[%emt 0:04:03]} Bf6 {[%emt 0:02:38]} 27. Bf2 {[%emt 0:13:06]} g5 {[%emt 0:00:51]} 28. Qe2 {[%emt 0:00:36]} Qf7 {[%emt 0:01:49]} 29. Qe4 {[%emt 0:00:34]} h5 {[%emt 0:01:52]} 30. Kg1 {[%emt 0:01:25]} g4 {[%emt 0:01:02]} 31. fxg4 {[%emt 0:00:23]} hxg4 {[%emt 0:00:16]} 32. hxg4 {[%emt 0:00:41]} Bxg4 {[%emt 0:00:33]} 33. Qg6 {[%emt 0:00:27]} Rg8 {[%emt 0:00:23]} 34. Qxf7+ {[%emt 0:00:21]} Kxf7 {[%emt 0:00:02]} 35. Be4 {[%emt 0:04:25]} Be2 {[%emt 0:01:24]} 36. Re1 {[%emt 0:00:35]} f3 {[%emt 0:00:02]} 37. g3 {[%emt 0:00:27]} Rg4 {[%emt 0:01:29]} 38. Bf5 {[%emt 0:01:10]} Rxb4 {[%emt 0:00:48]} 39. Be6+ {[%emt 0:00:52]} Kg6 {[%emt 0:00:28]} 40. d6 {[%emt 0:00:30]} e4 {[%emt 0:00:32]} 41. d7 {[%emt 0:00:24]} Bd4 {[%emt 0:00:32]} 42. c3 {[%emt 0:00:27]} Bxf2+ 43. Kxf2 {[%emt 0:00:02]} Rf8 {[%emt 0:00:53]} 44. cxb4 {[%emt 0:00:09]} e3+ {[%emt 0:00:07]} 45. Kxe3 {[%emt 0:00:04]} f2 {[%emt 0:00:04]} 46. Raxe2 {[%emt 0:00:17]} 1-0

[Event "Gibraltar Challengers B 2019"]
[Site "Caleta"]
[Date "2019.01.30"]
[Round "5"]
[White "Bengherabi, Khalil"]
[Black "Hng, Mei-Xian Eunice"]
[Result "0-1"]
[WhiteElo "2150"]
[BlackElo "1718"]
[Annotator "TA"]
[PlyCount "66"]
[EventDate "2019.01.18"]
[EventType "swiss"]
[EventCountry "GGB"]
[SourceTitle "playchess.com"]
[Source "ChessBase"]
[SourceQuality "1"]

{[%evp 13,66,0,0,0,0,0,0,0,6,-42,-23,-33,0,0,-14,-16,0,-32,-37,-110,-57,-54,-64,-79,-56,-108,-123,-220,-214,-202,-220,-208,-240,-256,-263,-305,-312,-327,-351,-370,-308,-500,-526,-549,-539,-531,-510,-642,-422,-422,-410,-404,-401,-354,-328]} 1. e4 c5 2. Nc3 $146 (2. Nf3 e6 3. g3 Nc6 4. Bg2 Nf6 5. d3 d6 6. O-O Be7 {0-1 (32) Mozharov,M (2508)-Morozevich,A (2739) Moscow 2013}) ({Predecessor:} 2. Nf3 Nc6 3. g3 d6 4. Bg2 Nf6 5. d3 e6 6. Bg5 Be7 7. Nc3 O-O {0-1 (40) Leon Hernandez,D-Pena Hernandez,F (1622) Colmenarejo 2018}) 2... e6 3. d3 Nc6 4. Nf3 d6 5. g3 Nf6 6. Bg2 Be7 7. O-O O-O 8. Bg5 {B50: Sicilian: 2...d6, Miscellaneous} (8. h3 Rb8 9. a4 b6 10. d4 cxd4 11. Nxd4 Nxd4 12. Qxd4 a6 13. Be3 Qc7 14. Qd3 Nd7 15. Rad1 Bb7 16. Bf4 {0-1 (32) Mozharov,M (2508)-Morozevich,A (2739) Moscow 2013}) 8... h6 9. Be3 ({Predecessor:} 9. Bxf6 Bxf6 10. Qe1 a6 11. Rb1 Nb4 12. Qd2 Qc7 13. a3 Nc6 {0-1 (40) Leon Hernandez,D-Pena Hernandez,F (1622) Colmenarejo 2018}) 9... d5 10. exd5 {The position is equal.} exd5 11. Bf4 Be6 12. Re1 Qd7 13. Ne5 Nxe5 14. Bxe5 Rad8 15. Qd2 Ng4 16. Qe2 (16. Bf4 $15) 16... Nxe5 ({Black should play} 16... d4 $17 17. Nb1 (17. Nd5 $2 Bxd5 18. Bxg7 Kxg7 $19) 17... Rfe8) 17. Qxe5 $15 Bf6 18. Qe2 Rfe8 19. Qf3 (19. a4 $15) 19... b5 $17 {[%cal Bb7b5,Bb5b4][%mdl 32] White must now prevent ...b4.} 20. Qd1 (20. a3 $17) 20... b4 $19 21. Ne2 Bxb2 22. Rb1 {[#]} Bf6 $1 23. Qd2 Bf5 24. c3 a5 {[%cal Ba7a5,Ba5b4][%mdl 32]} 25. cxb4 axb4 26. Rbc1 Bg5 27. f4 $2 {[#]} (27. Nf4 {was forced.}) 27... Bf6 28. Kh1 Qb5 29. d4 Bg4 30. Rc2 Rxe2 31. Rxe2 Qxe2 32. Qxe2 Bxe2 33. Rxe2 Bxd4 {Accuracy: White = 17%, Black = 69%.} 0-1

[Event "Gibraltar Challengers B 2019"]
[Site "Caleta"]
[Date "2019.01.30"]
[Round "5"]
[White "Jordan Martinez, Miguel"]
[Black "Meszaros, Andras"]
[Result "1/2-1/2"]
[WhiteElo "2142"]
[BlackElo "2226"]
[Annotator "TA"]
[PlyCount "31"]
[EventDate "2019.01.18"]
[EventType "swiss"]
[EventCountry "GGB"]
[SourceTitle "playchess.com"]
[Source "ChessBase"]
[SourceQuality "1"]

{[%evp 15,17,23,37,32]} 1. e4 e5 2. Nf3 Nc6 3. Bc4 Nf6 4. d3 Be7 5. O-O O-O 6. c3 d6 7. Nbd2 a6 8. Bb3 b5 {LiveBook: 4 Games. C55: Two Knights: 4 d3, 4 d4 exd4 5 e5 and Max Lange Attack} 9. Re1 {Predecessor:} Na5 $146 10. Bc2 c5 11. Nf1 Nd7 12. Ng3 Nb6 13. d4 cxd4 14. cxd4 Nc6 15. d5 Nb4 16. Bb1 {0-1 (38) Shanava,K (2478)-Haznedaroglu,K (2426) Moscow 2005} 1/2-1/2

[Event "Gibraltar Challengers B 2019"]
[Site "Caleta"]
[Date "2019.01.30"]
[Round "5"]
[White "Kandic, Milan"]
[Black "Dolzhikova, Olga"]
[Result "0-1"]
[WhiteElo "2136"]
[BlackElo "2224"]
[Annotator "TA"]
[PlyCount "16"]
[EventDate "2019.01.18"]
[EventType "swiss"]
[EventCountry "GGB"]
[SourceTitle "playchess.com"]
[Source "ChessBase"]
[SourceQuality "1"]

{[%evp 9,16,0,19,15,26,24,21,-731,-718]} 1. d4 e6 $146 (1... c5 2. dxc5 e6 {0-1 (24) Kocheev,A (2358)-Stupak,K (2529) Minsk 2016}) ({Predecessor:} 1... c5 2. dxc5 e6 {1-0 (53) Mudrak,J (2313)-Benes,M (1942) Vlcnov 2018}) 2. e4 c5 3. dxc5 Bxc5 4. Bd3 Nc6 5. Nf3 Qc7 (5... Nf6 6. O-O d6 7. a3 a6 8. b4 Ba7 9. c4 O-O 10. h3 h6 11. Bb2 e5 {0-1 (24) Kocheev,A (2358)-Stupak,K (2529) Minsk 2016}) ({Predecessor:} 5... Nf6 6. O-O {1-0 (53) Mudrak,J (2313)-Benes,M (1942) Vlcnov 2018}) 6. O-O {A43: Schmid Benoni} Nf6 7. Qe2 ({Predecessor:} 7. c3 a6 8. Qe2 Ng4 9. h3 h5 10. Nbd2 b5 11. a4 b4 {1-0 (53) Mudrak,J (2313)-Benes,M (1942) Vlcnov 2018}) 7... Ng4 {[#] Threatens to win with ...Nd4.} 8. Nc3 $2 {[%mdl 8192]} (8. c3 $11) 8... Nd4 0-1

[Event "Gibraltar Challengers B 2019"]
[Site "Caleta"]
[Date "2019.01.30"]
[Round "5"]
[White "Berrocal Ruiz, Valentin"]
[Black "Severijnen, Arjon"]
[Result "1-0"]
[WhiteElo "2127"]
[BlackElo "2120"]
[Annotator "RC"]
[PlyCount "57"]
[EventDate "2019.01.18"]
[EventType "swiss"]
[EventCountry "GGB"]
[SourceTitle "playchess.com"]
[Source "ChessBase"]
[SourceQuality "1"]
[TimeControl "6600+10"]

1. e4 {[%emt 0:00:00]} c5 {[%emt 0:00:02]} 2. Nc3 {[%emt 0:00:03]} a6 {[%emt 0:00:42]} 3. g4 {[%emt 0:00:20]} Nc6 {[%emt 0:00:49]} 4. Bg2 {[%emt 0:00:20]} g6 {[%emt 0:04:10]} 5. Nge2 {[%emt 0:02:28]} Bg7 {[%emt 0:00:30]} 6. d3 {[%emt 0:00:55]} d6 {[%emt 0:02:08]} 7. Ng3 {[%emt 0:00:26]} Rb8 {[%emt 0:14:10]} 8. O-O {[%emt 0:03:46]} Nf6 {[%emt 0:06:52]} 9. h3 {[%emt 0:08:14]} O-O {[%emt 0:01:18]} 10. f4 {[%emt 0:04:51]} Nd7 {[%emt 0:06:57]} 11. f5 {[%emt 0:10:42]} b5 {[%emt 0:02:24]} 12. g5 {[%emt 0:03:08]} b4 {[%emt 0:03:08]} 13. Nce2 {[%emt 0:15:04]} Nd4 {[%emt 0:03:34]} 14. Kh1 {[%emt 0:02:47]} Bb7 {[%emt 0:03:33]} 15. h4 {[%emt 0:07:01]} Nxe2 {[%emt 0:07:07]} 16. Qxe2 {[%emt 0:00:16]} Be5 {[%emt 0:00:25]} 17. Qg4 {[%emt 0:01:35]} a5 {[%emt 0:06:21]} 18. Rb1 {[%emt 0:02:27]} a4 {[%emt 0:01:02]} 19. h5 {[%emt 0:02:44]} Kg7 {[%emt 0:02:11]} 20. Bf4 {[%emt 0:01:35]} Bxf4 {[%emt 0:09:45]} 21. Rxf4 {[%emt 0:02:37]} Ne5 {[%emt 0:00:45]} 22. Qh4 {[%emt 0:00:26]} Bc8 {[%emt 0:02:37]} 23. hxg6 {[%emt 0:07:39]} fxg6 {[%emt 0:01:56]} 24. Qh6+ {[%emt 0:02:00]} Kg8 {[%emt 0:03:44]} 25. fxg6 {[%emt 0:01:58]} hxg6 {[%emt 0:01:59]} 26. Rh4 {[%emt 0:00:53]} Kf7 {[%emt 0:00:41]} 27. Rf1+ {[%emt 0:00:32]} Bf5 {[%emt 0:00:11]} 28. Nxf5 {[%emt 0:00:40]} Ke8 {[%emt 0:01:17]} 29. Qxf8+ {[%emt 0:00:49]} 1-0

[Event "Gibraltar Challengers B 2019"]
[Site "Caleta"]
[Date "2019.01.30"]
[Round "5"]
[White "Alarcon Olmos, Daniel"]
[Black "Ramasindraibe, Girard"]
[Result "0-1"]
[WhiteElo "2124"]
[BlackElo "2129"]
[Annotator "NA RC"]
[PlyCount "58"]
[EventDate "2019.01.18"]
[EventType "swiss"]
[EventCountry "GGB"]
[SourceTitle "playchess.com"]
[Source "ChessBase"]
[SourceQuality "1"]
[TimeControl "6600+10"]

{[%evp 11,57,30,32767,32767,32767,32767,32767,25,24,32767,32767,0,7,32767,5,0,7,32767,32767,32767,32767,20,41,23,34,0,0,0,0,32767,-29,-15,32767,32767,-20,-46,32767,-299,32767,-785,32767,-826,-922,32767,-914,32767,32767,-1700]} 1. e4 {[%emt 0:00:00]} e5 {[%emt 0:00:12]} 2. Nf3 {[%emt 0:00:38]} Nc6 {[%emt 0:00:07]} 3. Bb5 {[%emt 0:02:01]} a6 {[%emt 0:00:09]} 4. Ba4 {[%emt 0:00:11]} Nf6 {[%emt 0:00:02]} 5. d3 {[%emt 0:00:52]} d6 {[%emt 0:03:24]} 6. c3 {[%emt 0:00:53]} g6 {[%emt 0:00:07]} 7. O-O {[%emt 0:03:19]} Bg7 {[%emt 0:00:01]} 8. Re1 {[%emt 0:00:50]} O-O {[%emt 0:00:27]} 9. h3 {[%emt 0:05:20] LiveBook: 60 Games} b5 {[%emt 0:08:12] C77: Ruy Lopez: 3...a6 4 Ba4 Nf6, unusual lines} (9... Re8 10. Be3 d5 11. Nbd2 h6 12. exd5 Nxd5 13. Bxc6 bxc6 14. Qa4 Bf5 15. Ne4 Rb8 16. Rab1 Nb6 17. Qc2 {½-½ (40) Zhao,J (2599)-Wang,H (2713) Hanoi 2018}) 10. Bb3 {[%emt 0:01:15]} Na5 {[%emt 0:02:07]} 11. Bc2 {[%emt 0:00:16]} c5 {[%emt 0:00:06]} 12. d4 {[%emt 0:07:09]} Qc7 {[%emt 0:00:15]} (12... cxd4 $17 13. cxd4 exd4) 13. d5 {[%emt 0:01:30]} Nh5 $146 {[%emt 0:01:41]} ({Predecessor:} 13... Nc4 14. b3 Nb6 {1-0 (53) Vratonjic,S (2453)-Nestorovic,N (2424) Zlatibor 2007}) 14. Nbd2 {[%emt 0:09:11]} Bh6 {[%emt 0:06:11]} 15. b4 {[%emt 0:00:58]} cxb4 {[%emt 0:03:27]} 16. cxb4 {[%emt 0:00:29]} Nc4 {[%emt 0:02:42]} 17. Nxc4 {[%emt 0:05:17]} Bxc1 {[%emt 0:00:03]} 18. Rxc1 {[%emt 0:13:12]} Qxc4 {[%emt 0:00:52]} 19. a3 {[%emt 0:00:36]} Qc7 $1 {[%emt 0:00:20]} 20. Kh2 {[%emt 0:17:20]} Bd7 {[%emt 0:03:25]} 21. Qd2 {[%emt 0:03:19]} Qb6 {[%emt 0:00:10]} 22. g3 {[%emt 0:06:20]} a5 {[%emt 0:01:19]} 23. Kg2 {[%emt 0:01:02]} axb4 {[%emt 0:02:27]} 24. Qxb4 $2 {[%emt 0:01:37]} (24. axb4 $15 Ra2 25. Ra1) 24... Bxh3+ {[%emt 0:00:17]} 25. Kxh3 $2 {[%emt 0:03:26]} (25. Kg1) 25... Qxf2 {[%emt 0:00:54]} 26. Rg1 {[%emt 0:00:49]} Qxf3 {[%emt 0:00:08]} 27. Bd1 {[%emt 0:00:43]} Nf4+ {[%emt 0:04:31]} 28. Kh4 {[%emt 0:00:41]} Qf2 {[%emt 0:06:30]} 29. Rh1 $19 {[%emt 0:05:24]} Nd3 {[%emt 0:10:03]} 0-1

[Event "Gibraltar Challengers B 2019"]
[Site "Caleta"]
[Date "2019.01.30"]
[Round "5"]
[White "Osuna Vega, Enrique"]
[Black "Pavlov, Egor"]
[Result "1-0"]
[WhiteElo "2116"]
[BlackElo "2187"]
[Annotator "TA"]
[PlyCount "143"]
[EventDate "2019.01.18"]
[EventType "swiss"]
[EventCountry "GGB"]
[SourceTitle "playchess.com"]
[Source "ChessBase"]
[SourceQuality "1"]

{[%evp 19,143,0,49,43,54,47,44,8,31,28,24,27,28,17,27,22,31,25,34,13,20,11,16,0,15,11,18,22,17,0,0,0,1,-21,-18,-16,-11,-12,4,8,12,0,0,0,0,0,0,-16,-16,-60,-53,-59,-70,-68,-62,-68,0,0,0,0,0,0,0,0,0,0,0,0,0,0,8,8,19,23,72,73,526,290,900,66,63,63,65,65,68,55,386,386,383,376,365,325,273,232,518,518,251,0,8,8,288,299,480,471,438,420,5640,5015,11250,10675,29970,29971,29970,29963,4887,4985,29986,29987,29989,29990,29990,29990,29991,29990,29992,29993]} 1. d4 (1. e4 g6 2. d4 Bg7 3. Nf3 d6 4. c4 Nf6 5. Nc3 {1-0 (46) Hernandez,C (2236)-Hernandez Montes,J (2326) Medellin 2017}) 1... Nf6 2. Nf3 $146 ({Predecessor:} 2. c4 g6 3. Nc3 Bg7 4. e4 d6 5. Be2 O-O {½-½ (62) Moor,O (2145)-Terraz,C (2110) Switzerland 1996}) 2... g6 3. c4 Bg7 4. Nc3 O-O 5. e4 d6 6. Be2 e5 7. dxe5 dxe5 8. Qxd8 Rxd8 9. Bg5 Re8 10. O-O-O Bg4 11. Nd5 {E92: King's Indian: Classical: 6 Be2 e5: 7 dxe5, 7 Be3 and Petrosian System without 7...Nbd7} Nxd5 12. cxd5 ({Reject} 12. exd5 e4 $15) 12... c6 (12... Nd7 13. h3 Bxf3 14. gxf3 a6 15. Kb1 Bf8 16. Rc1 Bd6 17. Bd1 f6 18. Be3 Re7 {1-0 (46) Hernandez,C (2236)-Hernandez Montes,J (2326) Medellin 2017}) 13. Ng1 {White is slightly better.} Bd7 14. Bc4 b5 15. dxc6 Bxc6 16. Bd5 a5 ({Predecessor:} 16... Na6 17. Bxc6 Rac8 18. Ne2 Rxc6+ {½-½ (62) Moor,O (2145)-Terraz,C (2110) Switzerland 1996}) 17. Ne2 b4 18. Kb1 a4 19. Rd2 Bxd5 20. Rxd5 Nc6 21. Be3 Nd4 22. Re1 {[%cal Re2d4]} Red8 23. Rxd8+ Rxd8 24. Rd1 Rc8 25. Bxd4 exd4 $11 {[%mdl 4096] Endgame KRB-KRN} 26. Rd3 Re8 27. f3 f5 28. Ng3 $1 fxe4 29. Nxe4 Rc8 30. g3 Bh6 {[%csl Gh6][%cal Rc8c1]} 31. f4 Bg7 32. Ng5 Re8 33. Nf3 Re2 34. Rd2 d3 $1 35. Kc1 Re3 36. Ne5 Bxe5 37. fxe5 $15 {KR-KR} Kf7 (37... Rf3 $1 $15 38. a3 Kf7 39. axb4 Ke6) 38. Rf2+ $11 Ke6 39. Kd2 Rxe5 40. Kxd3 a3 41. bxa3 bxa3 42. Kc4 Re3 43. Kd4 Re1 44. h4 Rd1+ 45. Kc4 Ke5 46. Rf3 h6 47. Rxa3 {Hoping for Re3+.} g5 $2 {[%mdl 8192]} (47... Rd4+ $16 {is more resistant.} 48. Kc5 Rd5+ 49. Kc6 Rd6+ 50. Kc7 Rd4) 48. hxg5 hxg5 $2 (48... Rc1+ 49. Rc3 Ra1) 49. Ra5+ $2 (49. Re3+ $18 Kf5 50. a4) 49... Kf6 $14 50. Rd5 $1 {[%cal Rd5d1]} Ra1 51. Kb3 $1 Rb1+ $1 52. Kc2 Rg1 $2 {[%mdl 8192]} ({Better is} 52... Re1 $14) 53. Rd3 $18 Ke5 54. a4 Ra1 55. Kb3 Ke4 56. Rc3 $1 Kd4 $2 (56... Kd5 {was worth a try.} 57. Kb4 Kd6) 57. Rc4+ $1 Kd3 58. Rc3+ $2 (58. Rc5 $18) 58... Kd4 $11 59. Rc2 {aiming for Rc4+.} Rg1 $2 {[%mdl 8192] [#]} (59... Rb1+ $11 {and Black is okay.} 60. Rb2 Rg1) 60. Rc4+ $1 $18 Kd3 $2 (60... Ke5 61. Rc5+ Kf6) 61. Rc3+ Kd4 {[#]} 62. Kb4 $1 Rb1+ (62... g4 $142 63. Rc4+ Kd5 64. Rxg4 Rb1+ 65. Kc3 Rc1+ 66. Kb3 Rb1+ 67. Kc3 Rc1+ 68. Kb3 Rb1+ 69. Ka2 Rf1) 63. Rb3 Ra1 64. a5 g4 65. Kb5 Ke4 66. Kb6 Rf1 67. a6 Rf3 68. Rxf3 {White mates.} Kxf3 69. a7 Kxg3 70. a8=Q Kf2 71. Qf8+ Kg2 72. Kc5 {Accuracy: White = 66%, Black = 44%.} 1-0

[Event "Gibraltar Challengers B 2019"]
[Site "Caleta"]
[Date "2019.01.30"]
[Round "5"]
[White "Verneuil, Pascal"]
[Black "Garcia Rodriguez, Inaki"]
[Result "1-0"]
[WhiteElo "2114"]
[BlackElo "1931"]
[Annotator "NA RC"]
[PlyCount "91"]
[EventDate "2019.01.18"]
[EventType "swiss"]
[EventCountry "GGB"]
[SourceTitle "playchess.com"]
[Source "ChessBase"]
[SourceQuality "1"]
[TimeControl "6600+10"]

1. e4 {[%emt 0:05:21]} e5 {[%emt 0:00:00]} 2. Nf3 {[%emt 0:00:04]} Nf6 {[%emt 0:00:08]} 3. Nxe5 {[%emt 0:00:04]} Nc6 {[%emt 0:00:09]} 4. Nxc6 {[%emt 0:01:22]} dxc6 {[%emt 0:00:02]} 5. Nc3 {[%emt 0:00:37]} Bc5 {[%emt 0:00:06] C42: Petroff Defence: 3 Nxe5 and unusual White 3rd moves} 6. Be2 {[%emt 0:00:10]} h5 {[%emt 0:00:06]} 7. d4 $146 {[%emt 0:01:16]} ({Predecessor:} 7. d3 Ng4 8. Bxg4 hxg4 9. Qe2 Be6 10. Be3 Bb4 11. Qd2 Qd7 12. a3 Be7 13. d4 {1-0 (41) Hinks Edwards,T (2393)-Pletanek,J (2242) Czechia 2009}) 7... Bxd4 {[%emt 0:03:33]} 8. Qd3 {[%emt 0:00:30]} Be6 {[%emt 0:22:47]} 9. Be3 {[%emt 0:01:08]} Bxe3 {[%emt 0:01:16]} 10. Qxe3 {[%emt 0:00:22]} Nd7 {[%emt 0:04:06]} 11. O-O-O {[%emt 0:00:19]} Qe7 {[%emt 0:00:33]} 12. Kb1 {[%emt 0:00:50]} Qc5 {[%emt 0:03:37]} 13. Rd4 {[%emt 0:01:16]} Qa5 {[%emt 0:11:09]} (13... Qe7 $14) 14. f4 {[%emt 0:01:11]} f6 {[%emt 0:00:22]} 15. Rhd1 {[%emt 0:03:09]} c5 {[%emt 0:05:56]} 16. Ra4 {[%emt 0:01:28]} Qb6 {[%emt 0:00:27]} 17. Qg3 {[%emt 0:00:16]} O-O-O $1 {[%emt 0:07:47]} 18. f5 {[%emt 0:00:21]} Bf7 {[%emt 0:00:36]} 19. Qxg7 {[%emt 0:01:23]} Ne5 {[%emt 0:00:22]} 20. Rxd8+ {[%emt 0:06:05]} Rxd8 {[%emt 0:00:57]} 21. Qh6 {[%emt 0:00:19]} (21. Nd5 $1 $11 Qd6 22. b3 (22. Qxf6 Qxf6 23. Nxf6 Rd2 $17) (22. Rxa7 Kb8 $15)) 21... c4 {[%emt 0:12:50]} 22. Qc1 {[%emt 0:01:48]} Qc5 {[%emt 0:01:33]} 23. Ra3 {[%emt 0:13:16]} b5 {[%emt 0:00:49]} 24. Nd5 {[%emt 0:00:59]} Bxd5 {[%emt 0:01:45]} 25. exd5 {[%emt 0:00:04]} b4 {[%emt 0:00:33]} 26. Ra6 {[%emt 0:01:44]} Qf2 {[%emt 0:04:26]} ({Better is} 26... Qxd5 $17 27. Bxh5 Qxg2 28. Rxf6 c3 29. bxc3 bxc3) 27. Bxh5 {[%emt 0:03:40]} Qxf5 {[%emt 0:01:01]} 28. Qd1 {[%emt 0:04:25]} Rd6 {[%emt 0:09:25]} 29. Rxd6 {[%emt 0:02:40]} cxd6 {[%emt 0:00:24]} 30. h3 {[%emt 0:01:32]} Qf2 {[%emt 0:02:41]} 31. Bf3 {[%emt 0:02:39]} Kc7 {[%emt 0:00:28]} 32. a3 {[%emt 0:02:29]} bxa3 {[%emt 0:05:58]} 33. bxa3 {[%emt 0:00:12]} Qc5 {[%emt 0:00:59]} 34. Ka2 {[%emt 0:00:14]} c3 {[%emt 0:01:07]} 35. Be2 {[%emt 0:10:20]} Qf2 {[%emt 0:02:30]} (35... Nc4 $11 36. Bxc4 Qxc4+ 37. Ka1 Qc5) 36. g4 {[%emt 0:05:31]} Qb6 {[%emt 0:00:47]} 37. Qb1 {[%emt 0:00:23]} Qe3 {[%emt 0:00:44]} (37... Qxb1+ $16 {is a better defense.} 38. Kxb1 Kb6) 38. Ba6 {[%emt 0:00:19]} Nd7 $2 {[%emt 0:01:57]} (38... Qb6) 39. Qb7+ {[%emt 0:06:28]} Kd8 {[%emt 0:00:03]} 40. Qc8+ {[%emt 0:00:07]} Ke7 {[%emt 0:00:05]} 41. Bb5 {[%emt 0:00:09]} Qd2 {[%emt 0:01:41]} 42. Qxd7+ {[%emt 0:00:24] Double Attack} Kf8 {[%emt 0:00:01]} 43. Qxd6+ {[%emt 0:00:36]} Kg7 {[%emt 0:00:01]} 44. Qc7+ {[%emt 0:00:30]} Kg6 {[%emt 0:00:03]} 45. Bd3+ {[%emt 0:00:25]} Kg5 {[%emt 0:00:03]} 46. d6 {[%emt 0:00:39]} 1-0